[Event "Paulista-chTB"]
[Site "Sao Paulo"]
[Date "2023.03.05"]
[Round "4"]
[White "Santos, Leonardo Silva"]
[Black "Silva, Marcos Araujo"]
[Result "0-1"]
[WhiteElo "1782"]
[BlackElo "2012"]
[PlyCount "98"]
[EventDate "2023.03.03"]
[EventType "team-swiss"]
[EventRounds "5"]
[EventCountry "BRA"]
[SourceTitle "CBM 213 Extra"]
[Source "ChessBase"]
[SourceDate "2023.05.31"]
[SourceVersion "1"]
[SourceVersionDate "2023.05.31"]
[SourceQuality "1"]
[WhiteTeam "Sao Paulo APCEF"]
[BlackTeam "LXSBC II"]
[WhiteTeamCountry "BRA"]
[BlackTeamCountry "BRA"]

1. e4 c5 2. c3 d6 3. d4 cxd4 4. cxd4 Nf6 5. Nc3 g6 6. Bc4 Qc7 7. Bd3 a6 8. Nf3 Bg7 9. h3 0-0 10. Bg5 Nbd7 11. Rc1 Qa5 12. Bd2 Qd8 13. 0-0 b5 14. Re1 Bb7 15. Qe2 Rc8 16. a4 b4 17. Nd5 Bxd5 18. exd5 Rxc1 19. Bxc1 Nxd5 20. Bxa6 Qb6 21. Qd3 e6 22. Bb5 N7f6 23. Bd2 Ne8 24. Bc4 Nec7 25. Bb3 Re8 26. Bc1 Kh8 27. Rd1 h6 28. Qe4 f5 29. Qh4 Kh7 30. Re1 Qc6 31. Qg3 e5 32. Nh4 Re6 33. Bd2 f4 34. Bxf4 exf4 35. Qd3 Rxe1+ 36. Kh2 Ne7 37. Bf7 d5 38. Nf3 Qf6 39. Bxg6+ Qxg6 40. Qxg6+ Kxg6 41. Nxe1 Bxd4 42. Nd3 Kf5 43. f3 Nc6 44. b3 Ne6 45. g4+ fxg3+ 46. Kxg3 Nc5 47. Nxc5 Bxc5 48. Kg2 Nd4 49. Kf2 Nxb3+ 0-1